Bilecik Bilecik Bilecik Bilecik Bilecik

Ortadoǧu'da Osmanlı dönemi kültür izleri uluslar arası bilgi şöleni bildirileri= papers submitted to international symposium on Ottoman heritage in the Middle East/ (Record no. 17466)

MARC details
000 -BAŞLIK
Sabit Uzunluktaki Kontrol Alanı 01617nam a22003737a 4500
001 - KONTROL NUMARASI
Control Dosyası 0017509
003 - KONTROL NUMARASI KİMLİĞİ
Kontrol Alanı KOHA_MİRAKIL
005 - EN SON İŞLEM TARİHİ ve ZAMANI
Kontrol Alanı 20260207002142.0
007 - FİZİKSEL TANIM SABİT ALAN - GENEL BİLGİ
Sabit uzunluklu kontrol alanı ta
008 - SABİT UZUNLUKTAKİ VERİ ÖGELERİ - GENEL BİLGİ
Sabit Alan 110706b2001 tu a|||grt|||#0|||0|tur |
020 ## - ISBN - ULUSLARARASI STANDART KİTAP NUMARASI
Isbn 9751615607
Nitelik bilgileri tk. 9751615615
-- (c.1)
Kullanılabilirlik koşulları 0,01
040 ## - KATALOGLAMA KAYNAĞI
Özgün Kataloglama Kurumu TR-BiSEU
Kataloglama Dili tur
Çeviri Kurumu TR-BiSEU
Açıklama Kuralları rda
041 0# - DİL KODU
Metin ya da ses kaydının dil kodu tur
044 ## - YAYINLAYAN/ÜRETEN KURULUŞUN ÜLKE KODU
ISO country code tu
050 ## - SINIFLAMA ve YER NUMARASI
Sınıflama Numarası NA1363
Yer Numarası .O78 2001
111 2# - TOPLANTI ADI
Toplantı Adı Ortadoǧu'da Osmanlı dönemi kültür izleri uluslar arası bilgi şöleni (2000. : Hatay, İskenderun)
9 (RLIN) 40661
245 1# - ESER ADI BİLDİRİMİ
Başlık Ortadoǧu'da Osmanlı dönemi kültür izleri uluslar arası bilgi şöleni bildirileri= papers submitted to international symposium on Ottoman heritage in the Middle East/
Sorumluluk Bildirimi hazırlayanlar Şebnem Ercebeci, Aysu Şimşek-Canpolat; çevirenler Berin U.Yurdadaǧ, Âdem Akın, Nurçin Yıldız.
264 #1 - ÜRERİM, YAYIN, DAĞITIM ve TELİF BİLDİRİMİ
Yayın yeri Ankara :
Yayınlayan Atatürk Kültür Merkezi Başkanlıǧı
Yayın tarihi 2001
300 ## - FİZİKSEL TANIMLAMA
Sayfa, Cilt vb. 413 sayfa: resimli; 27 cm.
336 ## - İÇERİK TÜRÜ
Content type term metin
Content type code txt
Source rdacontent
337 ## - MEDYA TÜRÜ
Media type term aracısız
Media type code n
Source rdamedia
338 ## - TAŞIYICI TÜRÜ
Carrier type term cilt
Carrier type code nc
Source rdacarrier
490 1# - DİZİ BİLDİRİMİ
Dizi Bildirimi Atatürk Yüksek Kurumu Atatürk Kültür Merkezi yayını sayı ;
Cilt Numarası 284.
490 1# - DİZİ BİLDİRİMİ
Dizi Bildirimi Kongre ve sempozyumlar dizisi ;
Cilt Numarası 22
500 ## - GENEL NOT
Genel Not Eser osmanlıca metin içermektedir.
650 #0 - KONU BAŞLIĞI EK GİRİŞ - KONU TERİMİ
Konusal terim veya coğrafi ad Mimarlık, Osmanlı.
9 (RLIN) 40662
650 #0 - KONU BAŞLIĞI EK GİRİŞ - KONU TERİMİ
Konusal terim veya coğrafi ad Mimarlık, İslam.
9 (RLIN) 26548
650 #0 - KONU BAŞLIĞI EK GİRİŞ - KONU TERİMİ
Konusal terim veya coğrafi ad Architecture, Ottoman.
9 (RLIN) 14370
650 #0 - KONU BAŞLIĞI EK GİRİŞ - KONU TERİMİ
Konusal terim veya coğrafi ad Architecture, Islamic.
9 (RLIN) 12910
830 1# - SERİ EK GİRİŞİ - TEKBİÇİM ESER ADI
Tekbiçim Başlık Atatürk Yüksek Kurumu Atatürk Kültür Merkezi yayını sayı ;
Volume number/sequential designation 284.
9 (RLIN) 15032
830 1# - SERİ EK GİRİŞİ - TEKBİÇİM ESER ADI
Tekbiçim Başlık Kongre ve sempozyumlar dizisi ;
Volume number/sequential designation 22
9 (RLIN) 40663
907 ## - LOCAL DATA ELEMENT G, LDG (RLIN)
a Bildiri
942 ## - EK GİRİŞ ÖGELERİ (KOHA)
Source of classification or shelving scheme Library of Congress Classification
Koha item type Book
Holdings
Materyal Türü Kalıcı Konum Mevcut Konum Raf Yeri Sınıflandırma Kaynağı Edinim Bilgisi Ana Konular Alt Konular Yer Numarası Cilt Bilgisi Demirbaş Numarası Fatura Tarihi Geri Çekilme Durumu Kayıp Durumu Hasarlı Durumu Kredi için değil Kayıt Tarih Toplam Ödünçverme Son Görülme Tarihi Son Kontrol Tarihi Genel / Bağış Notu
Book Prof. Dr. Azmi Özcan Kütüphanesi Prof. Dr. Azmi Özcan Kütüphanesi Uluğbey Salonu Library of Congress Classification Bağış GÜZEL SANATLAR Mimarlık NA1363 .O78 2001 c.1 0017509 13/08/2010         24/05/2010   05/12/2024 05/12/2024 Genel Bağış
Book Prof. Dr. Azmi Özcan Kütüphanesi Prof. Dr. Azmi Özcan Kütüphanesi Uluğbey Salonu Library of Congress Classification Bağış GÜZEL SANATLAR Mimarlık NA1363 .O78 2001 c.2 0030721 02/02/2026         06/07/2011   05/12/2024 05/12/2024 YÖK Tez Merkezi